Peter Norton's Assembly Language Book For The IBM PC (Software Version) (Record no. 7805)

000 -LEADER
fixed length control field 00316nam a2200109Ia 4500
008 - FIXED-LENGTH DATA ELEMENTS--GENERAL INFORMATION
fixed length control field 201217s9999 xx 000 0 und d
100 ## - MAIN ENTRY--PERSONAL NAME
Personal name Norton, Peter; Socha, John
245 #0 - TITLE STATEMENT
Title Peter Norton's Assembly Language Book For The IBM PC (Software Version)
260 ## - PUBLICATION, DISTRIBUTION, ETC.
Place of publication, distribution, etc. New York
Name of publisher, distributor, etc. Prentice Hall
300 ## - PHYSICAL DESCRIPTION
Extent 413
942 ## - ADDED ENTRY ELEMENTS (KOHA)
Koha item type Books
Holdings
Withdrawn status Lost status Damaged status Not for loan Permanent Location Date acquired Full call number Barcode Date last seen Price effective from Koha item type
        IMU Kolkata 2020-12-17 005.262 N882 PM03005 2020-12-17 2020-12-17 Books
Designed and Maintained by IMU-KC Library, Kolkata Campus © Copyright All Rights Reserved

webs counters

Powered by Koha